First Five Quiz Stats

 Plays Quiz Updated Apr 28, 2018

Challenge
Share
Tweet
Embed
Score 0/80 Timer 10:00
0 Plays Today
Category Answer % Correct
Greek LettersAlpha
87.4%
Greek LettersBeta
86.4%
Ivy League SchoolsHarvard University
85.7%
Olympic CitiesAthens
85%
Ivy League SchoolsYale University
82.7%
Angevin Monarchs 1154-John
74.3%
Jesus' DisciplesJohn
74.3%
Pixar MoviesToy Story
74.2%
Greek LettersDelta
73.5%
Republican PresidentsAbraham Lincoln
71.8%
Greek LettersGamma
67.9%
Ivy League SchoolsUniversity of Pennsylvania
67.5%
Heirs to the Throne (UK)Prince Louis
67.3%
Jesus' DisciplesSimon Peter
67%
Harry Potter BooksThe Philosopher's Stone
66.8%
American ColoniesVirginia
66.6%
Heirs to the Throne (UK)Prince William
66%
Ivy League SchoolsPrinceton University
65.9%
Russian Leaders 1917-Joseph Stalin
65.4%
Olympic CitiesLondon
64.4%
Heirs to the Throne (UK)Prince Charles
64.3%
Russian Leaders 1917-Vladimir Lenin
62.3%
Super Bowl Winning TeamsGreen Bay Packers
62%
Greek LettersEpsilon
60.5%
Pixar MoviesToy Story 2
60.4%
Olympic CitiesParis
60.3%
Harry Potter BooksThe Prisoner of Azkaban
60%
Harry Potter BooksThe Chamber of Secrets
59.6%
American ColoniesMassachusetts
59.2%
Harry Potter BooksThe Goblet of Fire
58.9%
Emperors of RomeNero
55.9%
Wives of Henry VIIIAnne Boleyn
55.3%
American ColoniesMaryland
53.7%
Super Bowl Winning TeamsNew York Jets
53%
James Bond MoviesDr. No
52.3%
Harry Potter BooksThe Order of the Phoenix
52.1%
Republican PresidentsUlysses S. Grant
50.7%
American ColoniesConnecticut
48.9%
Ivy League SchoolsColumbia University
48.6%
James Bond MoviesGoldfinger
48.1%
Category Answer % Correct
Super Bowl Winning TeamsDallas Cowboys
46.2%
Emperors of RomeAugustus
45.7%
Pixar MoviesA Bug's Life
42.9%
Pixar MoviesMonsters, Inc
42.6%
Wives of Henry VIIIKatherine of Aragon
42.4%
American ColoniesNew Hampshire
42.3%
Pixar MoviesFinding Nemo
40.2%
Jesus' DisciplesJames
39.5%
Heirs to the Throne (UK)Princess Charlotte
39.4%
Super Bowl Winning TeamsBaltimore Colts
39.1%
Jesus' DisciplesAndrew
37.9%
Republican PresidentsJames A. Garfield
36.9%
Russian Leaders 1917-Nikita Khrushchev
36.5%
Republican PresidentsChester A. Arthur
33.7%
Super Bowl Winning TeamsKansas City Chiefs
33.2%
Republican PresidentsRutherford B. Hayes
32.9%
Wives of Henry VIIIJane Seymour
31.7%
James Bond MoviesFrom Russia With Love
30.7%
Heirs to the Throne (UK)Prince George
29.5%
Emperors of RomeCaligula
27.8%
Beatles US #1sI Want to Hold your Hand
25.8%
Wives of Henry VIIIAnne of Cleves
25.6%
Olympic CitiesSt. Louis
23%
James Bond MoviesThunderball
22.8%
Beatles US #1sLove Me Do
20.5%
Beatles US #1sShe Loves You
19.5%
Russian Leaders 1917-Leonid Brezhnev
19.5%
Wives of Henry VIIIKatherine Howard
19.3%
Emperors of RomeClaudius
19%
Olympic CitiesStockholm
17%
James Bond MoviesYou Only Live Twice
16.5%
Angevin Monarchs 1154-Richard I
15.4%
Emperors of RomeTiberius
15.2%
Angevin Monarchs 1154-Henry II
14.9%
Russian Leaders 1917-Yuriy Andropov
14.7%
Angevin Monarchs 1154-Henry III
14.2%
Beatles US #1sA Hard Day's Night
13.8%
Jesus' DisciplesPhilip
12.3%
Angevin Monarchs 1154-Edward I
12%
Beatles US #1sCan't Buy Me Love
8.4%

You're not logged in!

Compare scores with friends on all Sporcle quizzes.
Join for Free
OR
Log In

You Might Also Like...

Show Comments

Extras

Top Quizzes Today


Score Distribution

Your Account Isn't Verified!

In order to create a playlist on Sporcle, you need to verify the email address you used during registration. Go to your Sporcle Settings to finish the process.

Report this User

Report this user for behavior that violates our Community Guidelines.

Details: